Quiz o każdym państwie w Unii Europejskiej - Statystyki

Ogólne statystyki
  • Ten quiz został rozwiązany 28 razy
  • Średni wynik to 17 z 27
Statystyki odpowiedzi
Zagadnienie Odpowiedź % Poprawnych
Która z tych flag należy do Rumuni?
96%
Jaka jest aktualna waluta Austrii? Euro
96%
Jaki znany sklep meblowy posiadający w swoim logo barwy narodowe Szwecji powstał tam? Ikea
96%
Jakiej waluty Chorwacja używała przed wprowadzeniem euro w 2023r.? Kuna chorwacka
96%
Do którego z tych mórz ma dostęp Słowacja? Żadne z powyższych
92%
Z jakim z tych państw Bułgaria posiada granicę lądową? Macedonia Północna
88%
Które z tych irlandzkich miast ma populację przekraczającą 100,000 osób? Cork
79%
Jaki ustrój polityczny ma Grecja? Republika parlamentarna
75%
Z jakim państwem Francja ma najkrótszą granicę lądową? (Włączając terytoria zamorskie) Monako
67%
Z jakim państwem Finlandia ma najdłuższą granicę lądową? Rosja
67%
Jakie są dwie największe pod względem powierzchni wyspy Włoch? Sardynia i Sycylia
67%
Ile wynosi przybliżona długość linii brzegowej Słowenii? 47 km
63%
Jak nazywała się dawna kolonia Portugalii w Chinach? Makau
63%
Kiedy Dania dołączyła do Unii Europejskiej? w 1973 r.
63%
Jakie jest najmniejsze pod względem liczby ludności polskie miasto? Opatowiec
58%
Z jakim państwem Łotwa dzieli najkrótszą granicę? Białoruś
54%
Które z tych miast jest stolicą hiszpańskiego regionu Baleary? Palma de Mallorca
54%
Jakie państwo posiada bazy wojskowe na południowym krańcu Cypru? Wielka Brytania
54%
Ile miast w Niemczech ma prawa kraju związkowego? 3
50%
Ile jest języków urzędowych w Luksemburgu? 2
46%
Jaką powierzchnię w przybliżeniu do 1000km² mają Czechy? 79 000 km²
46%
Kiedy Malta weszła do strefy Schengen? 21 grudnia 2007 r.
42%
Jaka przybliżona powierzchnia Holandii jest w depresji 25 - 26%
42%
Ile wynosi przybliżona długość linii brzegowej Belgii? 67 km
42%
W którym roku Estonia wygrała Eurowizję? w 2025r.
33%
Na ile okręgów jest podzielona Litwa? 10
21%
Z iloma państwami Węgry posiadają granicę lądową? 7
21%
Nie znaleziono quizów pasujących do podanych kryteriów
Rozkład punktacji
Procent ludzi z każdym wynikiem
Percentyl według liczby udzielonych odpowiedzi
Twoja historia wyników
Nie rozwiązałeś tego quizu